The Battle for God / (Record no. 525829)

000 -LEADER
fixed length control field 00447nam a22001697a 4500
003 - CONTROL NUMBER IDENTIFIER
control field NUST
020 ## - INTERNATIONAL STANDARD BOOK NUMBER
Qualifying information H/B
038 ## - RECORD CONTENT LICENSOR
Staff Name waseem
082 ## - DEWEY DECIMAL CLASSIFICATION NUMBER
Classification number 209.9
Author Mark KAI
100 ## - MAIN ENTRY--PERSONAL NAME
Personal name Armstrong, Kairren
9 (RLIN) 16772
245 ## - TITLE STATEMENT
Title The Battle for God /
Statement of responsibility, etc. Kairren Armstrong
260 ## - PUBLICATION, DISTRIBUTION, ETC.
Place of publication, distribution, etc. Lahore :
Name of publisher, distributor, etc. Asif Javed,
Date of publication, distribution, etc. 2007.
300 ## - PHYSICAL DESCRIPTION
Extent 456 p. ;
880 ## - ALTERNATE GRAPHIC REPRESENTATION
Linkage 100-01\r
Title کیرن آرمسٹرانگ
880 ## - ALTERNATE GRAPHIC REPRESENTATION
Linkage 245-02\r
Title خُدا کے لیے جنگ /
942 ## - ADDED ENTRY ELEMENTS (KOHA)
Source of classification or shelving scheme
Koha item type Book
Holdings
Withdrawn status Lost status Source of classification or shelving scheme Damaged status Not for loan Permanent Location Current Location Date acquired Total Checkouts Total Renewals Full call number Barcode Checked out Date last seen Date last checked out Price effective from Koha item type
          Central Library (CL) Central Library (CL) 07/05/2019 3 3 209.9 KAI CL-E-713 11/07/2023 10/23/2023 10/23/2023 07/05/2019 Book
© 2023 Central Library, National University of Sciences and Technology. All Rights Reserved.